Industrial enzymes and their applications /

Guardado en:
Autor Principal: Uhlig, Helmut.
Otros Autores: Linsmaier-Bednar, Elfriede M., (Traductor, tr.)
Formato: Libro
Idioma:English
German
Publicado: New York : Wiley, c1998.
Materias:
Acceso en línea:Biografía del autor
Descripción
Tabla de contenido
Etiquetas: Agregar Etiqueta
Sin Etiquetas, Sea el primero en etiquetar este registro!
LEADER 01318cam a22003255a 4500
001 EIQ.libpla003194
008 970903s1998####nyua#####b####001#0#eng#d
005 20071114175943.0
245 1 0 |a Industrial enzymes and their applications /  |c Helmut Uhlig ; translated and updated by Elfriede M. Linsmaier-Bednar. 
260 |a New York :  |b Wiley,  |c c1998. 
300 |a xii, 454 p. :  |b il. ;  |c 25 cm. 
500 |a "A Wiley-Interscience publication." 
504 |a Incluye referencias bibliográficas e índice. 
020 |a 0471196606 (acid-free paper) 
100 1 |a Uhlig, Helmut. 
700 1 |a Linsmaier-Bednar, Elfriede M.,  |e tr.  |4 trl 
082 0 0 |a 660/.634  |2 21 
650 4 |a Enzimas  |x Aplicaciones industriales. 
650 4 |a Enzimas  |x Biotecnología. 
650 4 |a Biotecnología  |x Enzimas. 
650 0 |a Enzymes  |x Biotechnology. 
650 0 |a Biotechnology  |x Enzymes. 
650 0 |a Enzymes  |x Industrial applications. 
010 |a  97038099  
040 |a DLC  |c DLC  |d AR-BbSID 
041 1 |a eng  |h ger 
856 4 2 |3 Biografía del autor  |u http://www.loc.gov/catdir/bios/wiley041/97038099.html 
856 4 2 |3 Descripción  |u http://www.loc.gov/catdir/description/wiley033/97038099.html 
856 4 |3 Tabla de contenido  |u http://www.loc.gov/catdir/toc/onix03/97038099.html 
859 |a AR-BbSID  |b BIB. PLAPIQUI  |h 660.634  |i Uh 6  |p 5442